Process and pattern in culture : essays in honor of Julian H. Steward
Αποθηκεύτηκε σε:
| Άλλοι συγγραφείς: | |
|---|---|
| Μορφή: | Βιβλίο |
| Γλώσσα: | English |
| Δημοσίευση: |
Chicago :
Aldine Publishing Company,
1964
|
| Θέματα: | |
| Ετικέτες: |
Προσθήκη ετικέτας
Δεν υπάρχουν, Καταχωρήστε ετικέτα πρώτοι!
|
MARC
| LEADER | 00000cam a2200000 i 4500 | ||
|---|---|---|---|
| 001 | 1/2786 | ||
| 008 | 000514s1964 eng d | ||
| 035 | |l 10060566 | ||
| 040 | |a GR-MY-UA |b gre |e aacr | ||
| 041 | 0 | |a eng | |
| 082 | 0 | |a 303.4 | |
| 245 | 1 | 0 | |a Process and pattern in culture : |b essays in honor of Julian H. Steward / |c edited by Robert A. Manners |
| 260 | |a Chicago : |b Aldine Publishing Company, |c 1964 | ||
| 300 | |a ix, 434 p.; |c 25 cm. | ||
| 500 | |a Includes bibliographies and index | ||
| 650 | 0 | 0 | |a Culture. |
| 650 | 0 | 0 | |a Social change. |
| 700 | 1 | |a Manners, Robert A. |q (Robert Alan), |d 1913-1996, |e edt | |
| 852 | |a INST |b LESVOS |e 20000514 |h 303.4 PRO |p 005100023966 |q 005100023966 |t BK |y 0 | ||
| 901 | |a BIBL1-2000-2 | ||
| 909 | |a Λ |b 034417 | ||
| 970 | |z 2000/05/ΜΙΧΑΗΛΙΔΟΥ ΑΝΝΑ | ||